| 000 | 00481nam a2200133Ia 4500 | ||
|---|---|---|---|
| 008 | 171212s9999 xx 000 0 und d | ||
| 020 | _a9780874215687 | ||
| 100 | _aMckean, Thomas | ||
| 245 |
_cMckean, Thomas _aThe Flowering Thorn _bInternational Ballad Studies |
||
| 260 |
_bUniversity Press of Colorado _c2003 |
||
| 650 | _aAnthropology | ||
| 650 | _aBallads -- History and criticism; Folk literature -- History and criticism | ||
| 856 | _uwww.jstor.org/stable/10.2307/j.ctt46nrm0 | ||
| 999 |
_c353180 _d353180 |
||